000
00322nam a22001337a 4500
008
181121b xxu||||| |||| 00| 0 eng d
020
_a
9780071761604
041
_a
eng
080
_2
5 TH
_a
004
100
_a
38
101
_a
SHK
245
_a
Microsoft Sql Server 2012 A Beginners Guide
_c
Petkoviq.D
942
_2
udc
_c
BK
999
_c
52249
_d
52249